Guess the 1970s song lyrics #6 - Statistics

General Stats
  • This quiz has been taken 88 times
  • The average score is 129 of 240
Answer Stats
Answer % Correct
I
97%
A
96%
a
96%
you
95%
When
88%
when
88%
the
87%
The
87%
me
85%
to
81%
be
80%
in
80%
so
79%
it
77%
who
77%
Who
77%
And
75%
where
73%
am
72%
was
72%
Can
68%
that
68%
what
68%
young
68%
your
68%
For
65%
they
65%
are
64%
then
64%
Then
64%
too
64%
all
60%
how
60%
could
59%
There
59%
away
56%
life
55%
you're
55%
at
53%
hear
53%
know
53%
say
53%
tell
53%
But
51%
like
51%
man
51%
seemed
51%
world
51%
oh
48%
Oh
48%
night
47%
teach
47%
please
45%
Please
45%
it's
43%
up
43%
Won't
43%
won't
43%
times
41%
now
39%
feel
37%
sent
37%
showed
37%
take
36%
Logical
35%
logical
35%
run
33%
world's
33%
yeah
33%
Yeah
33%
one
32%
simple
32%
well
32%
asleep
31%
such
31%
deep
29%
questions
29%
sounds
29%
absurd
28%
birds
27%
criminal
27%
dependable
27%
trees
27%
wonderful
27%
calling
25%
magical
25%
they'll
25%
beautiful
24%
joyfully
24%
radical
24%
said
24%
sign
23%
miracle
21%
singing
21%
watch
21%
sensible
20%
cynical
19%
happily
19%
learned
19%
liberal
19%
they'd
19%
playfully
17%
we've
17%
practical
16%
two
16%
vegetable
16%
We'd
16%
name
15%
three
15%
watching
15%
fanatical
13%
Respectable
13%
Hey
12%
feeling
11%
getting
11%
Getting
11%
intellectual
11%
responsible
11%
acceptable
9%
clinical
9%
Cause
8%
presentable
8%
five
5%
unbelievable
5%
No matching quizzes found
Score Distribution
Percent of People with Each Score
Percentile by Number Answered
Your Score History
You have not taken this quiz